000 00667cam a22002172 4500
001 0000018732
005 20151217145907.0
008 100610s xx 000 0 eng d
020 _a0406981431 :
040 _aKABU
_cKABU
100 1 _aMunro, Colin R.
_@0000178077
245 1 0 _aStudies in constitutional law /
_cColin R. Munro.
250 _a2nd ed.
260 _aOxford :
_bO. U. P.,
_c2005.
300 _axxi, 365 p.
650 0 _aConstitutional Law
_zGreat Britain.
_@0000160154
852 1 _9p3639 KES
852 1 _9p4350 KES
908 _a100610
950 _@1
999 _c3800
_d3800